00386nam a2200145Ia 4500003000400000008004100004040001600045082001700061100002500078245005800103260004100161300000900202650001200211650001700223GCL140319s9999 xx 000 0 eng d aGCL / cGCL04a746.224bS I1 aSOLVIT, MARIE-JONINE10aINVENTIONS AU POINT DE CROIX / cSOLVIT, MARIE-JONINE a[S.N] : bDESSAIN ET TOLRA ، c1986 a64 P04aCANEVAS04aNEDDLE WORKS